[Event "Sarajevo"]
[Site "Sarajevo"]
[Date "1985.??.??"]
[Round "7"]
[White "Kurajica, Bojan"]
[Black "Velimirovic, Dragoljub"]
[Result "0-1"]
[WhiteElo "2535"]
[BlackElo "2500"]
[PlyCount "126"]
[EventDate "1985.03.??"]
[EventType "tourn"]
[EventRounds "15"]
[EventCountry "YUG"]
[EventCategory "11"]
[Source "ChessBase"]
[SourceDate "1999.07.01"]
[WhiteTeamCountry "ARG"]
[BlackTeamCountry "YUG"]

1. Nf3 Nf6 2. g3 g6 3. c4 Bg7 4. Bg2 c5 5. d4 Qa5+ 6. Bd2 Qb6 7. Bc3 Ne4 8. O-O
Nxc3 9. Nxc3 cxd4 10. Nd5 Qd8 11. Nxd4 Nc6 12. e3 O-O 13. Qd3 d6 14. Rac1 Bd7
15. b3 Rc8 16. Rfd1 Re8 17. a3 a6 18. h3 h5 19. Kh2 h4 20. gxh4 e6 21. Nxc6
Bxc6 22. Nb4 Bxg2 23. Kxg2 Qxh4 24. Qe2 Rc5 25. f4 Rh5 26. Qg4 Qe7 27. Rc2 Rc8
28. Rdd2 Rhc5 29. Qf3 a5 30. Nd3 R5c6 31. a4 d5 32. c5 b6 33. e4 dxe4 34. Qxe4
bxc5 35. Ne5 Bxe5 36. Qxe5 c4 37. bxc4 Rxc4 38. Rxc4 Rxc4 39. Rb2 Rb4 40. Rxb4
Qxb4 41. Qb5 Qe4+ 42. Kg3 Qd5 43. Kf2 Kf8 44. Qb8+ Ke7 45. Qc7+ Kf6 46. Qc3+
Kf5 47. Kg3 Ke4 48. Qe1+ Kd3 49. Qf1+ Kd4 50. Qf2+ Kc4 51. Qa7 e5 52. Qc7+ Kd4
53. Qb6+ Ke4 54. Qf2 Qd3+ 55. Kg4 Qd1+ 56. Kg3 Qd3+ 57. Kg4 Kd5 58. Qa2+ Qc4
59. Qxc4+ Kxc4 60. fxe5 Kd5 61. Kf4 Kd4 62. h4 Kd5 63. e6 Kxe6 0-1

[Event "Sarajevo"]
[Site "Sarajevo"]
[Date "1985.??.??"]
[Round "8"]
[White "Velimirovic, Dragoljub"]
[Black "Lalic, Bogdan"]
[Result "1/2-1/2"]
[WhiteElo "2500"]
[BlackElo "2430"]
[PlyCount "61"]
[EventDate "1985.03.??"]
[EventType "tourn"]
[EventRounds "15"]
[EventCountry "YUG"]
[EventCategory "11"]
[Source "ChessBase"]
[SourceDate "1999.07.01"]
[WhiteTeamCountry "ARG"]
[BlackTeamCountry "YUG"]

1. Nf3 Nf6 2. g3 d5 3. Bg2 c6 4. O-O Bg4 5. d3 e6 6. Nbd2 Nbd7 7. e4 Be7 8. h3
Bxf3 9. Qxf3 O-O 10. Qe2 dxe4 11. dxe4 e5 12. Nc4 Qc7 13. b3 Bc5 14. Bb2 Rfe8
15. a3 b5 16. Ne3 Bb6 17. b4 Bxe3 18. Qxe3 Nb6 19. Qe2 Nfd7 20. h4 a5 21. Bc3
a4 22. h5 h6 23. Rad1 Nc4 24. Rd3 Rad8 25. Bd2 Nf8 26. Bc1 Ne6 27. Qg4 Kh8 28.
f4 Nd4 29. Rf2 Qe7 30. f5 f6 31. Qg6 1/2-1/2

[Event "Sarajevo"]
[Site "Sarajevo"]
[Date "1985.??.??"]
[Round "9"]
[White "Popovic, Petar"]
[Black "Velimirovic, Dragoljub"]
[Result "1-0"]
[WhiteElo "2540"]
[BlackElo "2500"]
[PlyCount "95"]
[EventDate "1985.03.??"]
[EventType "tourn"]
[EventRounds "15"]
[EventCountry "YUG"]
[EventCategory "11"]
[Source "ChessBase"]
[SourceDate "1999.07.01"]
[WhiteTeamCountry "ARG"]
[BlackTeamCountry "YUG"]

1. e4 c5 2. Nf3 d6 3. d4 cxd4 4. Nxd4 Nf6 5. Nc3 g6 6. g3 Bd7 7. Bg2 Qc8 8. O-O
Bg7 9. Re1 Nc6 10. Nf3 O-O 11. Nd5 Bg4 12. Qd2 Re8 13. a4 Nd7 14. Ne3 Bxf3 15.
Bxf3 Nd4 16. Bg2 Nc5 17. Qd1 Qd7 18. Ra3 b5 19. c3 b4 20. cxb4 Na6 21. Bd2 Rab8
22. b5 Nc7 23. Bc3 e5 24. h4 Rb7 25. Kh2 Reb8 26. Bxd4 exd4 27. Nc4 Ne6 28. e5
dxe5 29. Bxb7 Qxb7 30. Nxe5 a6 31. bxa6 Qxa6 32. Nd3 Bf8 33. Rb3 Rc8 34. Rb5
Rc4 35. b3 Rc3 36. Ne5 Qc8 37. Qg4 Bd6 38. Qe4 Nc7 39. Rb6 Bc5 40. Rc6 Bb4 41.
Rxc3 Bxc3 42. Nc6 Qd7 43. Rd1 Ne6 44. b4 Qd6 45. b5 Nc5 46. Qe5 Qxe5 47. Nxe5
Nxa4 48. Nd7 1-0

[Event "Sarajevo"]
[Site "Sarajevo"]
[Date "1985.??.??"]
[Round "10"]
[White "Velimirovic, Dragoljub"]
[Black "Ribli, Zoltan"]
[Result "1/2-1/2"]
[WhiteElo "2500"]
[BlackElo "2615"]
[PlyCount "29"]
[EventDate "1985.03.??"]
[EventType "tourn"]
[EventRounds "15"]
[EventCountry "YUG"]
[EventCategory "11"]
[Source "ChessBase"]
[SourceDate "1999.07.01"]
[WhiteTeamCountry "ARG"]
[BlackTeamCountry "YUG"]

1. g3 g6 2. Bg2 Bg7 3. e4 c5 4. Nf3 Nc6 5. O-O e5 6. d3 Nge7 7. Be3 d6 8. Qd2
O-O 9. Bh6 Bxh6 10. Qxh6 f6 11. Qd2 Be6 12. Nc3 Kg7 13. Rae1 Qb6 14. Rb1 Rad8
15. a3 1/2-1/2

[Event "Sarajevo"]
[Site "Sarajevo"]
[Date "1985.??.??"]
[Round "11"]
[White "Sax, Gyula"]
[Black "Velimirovic, Dragoljub"]
[Result "1/2-1/2"]
[WhiteElo "2565"]
[BlackElo "2500"]
[PlyCount "95"]
[EventDate "1985.03.??"]
[EventType "tourn"]
[EventRounds "15"]
[EventCountry "YUG"]
[EventCategory "11"]
[Source "ChessBase"]
[SourceDate "1999.07.01"]
[WhiteTeamCountry "ARG"]
[BlackTeamCountry "YUG"]

1. e4 e5 2. Nf3 Nc6 3. Bb5 a6 4. Ba4 Nf6 5. O-O Be7 6. Re1 b5 7. Bb3 O-O 8. d3
d6 9. c3 Be6 10. d4 Bxb3 11. Qxb3 Nd7 12. Qd5 Na5 13. dxe5 c6 14. Qd4 c5 15.
Qd5 Nb6 16. Qd1 dxe5 17. Qxd8 Raxd8 18. Nxe5 Rfe8 19. Nd2 Bd6 20. Nef3 Rd7 21.
e5 Bf8 22. Nf1 Nc6 23. Bf4 Na4 24. Re2 f6 25. e6 Rde7 26. Rc2 Rxe6 27. b3 Nb6
28. Ne3 Bd6 29. Bxd6 Rxd6 30. Kf1 Rd3 31. Ke2 c4 32. bxc4 bxc4 33. Rd1 Red8 34.
Rcd2 Rxd2+ 35. Rxd2 Rxd2+ 36. Kxd2 Kf7 37. Nd4 Ne5 38. f4 Ng6 39. g3 Ne7 40.
Ndc2 Nec8 41. Nd1 Nd6 42. Nb4 a5 43. Nc6 Ke6 44. Ne3 Ne4+ 45. Kc2 Kd6 46. Nxa5
Kc5 47. Nb7+ Kc6 48. Nd8+ 1/2-1/2

[Event "Sarajevo"]
[Site "Sarajevo"]
[Date "1985.??.??"]
[Round "12"]
[White "Lputian, Smbat"]
[Black "Velimirovic, Dragoljub"]
[Result "1-0"]
[WhiteElo "2530"]
[BlackElo "2500"]
[PlyCount "89"]
[EventDate "1985.03.??"]
[EventType "tourn"]
[EventRounds "15"]
[EventCountry "YUG"]
[EventCategory "11"]
[Source "ChessBase"]
[SourceDate "1999.07.01"]
[WhiteTeamCountry "ARG"]
[BlackTeamCountry "YUG"]

1. d4 Nf6 2. c4 c5 3. d5 g6 4. Nc3 Bg7 5. e4 O-O 6. Nf3 d6 7. Bd3 e6 8. O-O
exd5 9. exd5 Na6 10. h3 Nc7 11. Re1 b5 12. cxb5 Bb7 13. Bc4 a6 14. b6 Nb5 15.
Qb3 Rb8 16. a4 Nxc3 17. bxc3 a5 18. Bg5 Bc8 19. Rab1 h6 20. Bxf6 Qxf6 21. Re3
Qf4 22. Bd3 Bd7 23. b7 Bxa4 24. Qa3 Bd7 25. Qxa5 Bf5 26. Qa6 Bxd3 27. Qxd3 Rfd8
28. Rb6 Qa4 29. Qb1 Rd7 30. Re2 Bxc3 31. Ra2 Qf4 32. Ra8 Rdd8 33. Rxb8 Rxb8 34.
Rc6 Kg7 35. Rc8 Rxb7 36. Qxb7 Qc1+ 37. Kh2 Qf4+ 38. Kh1 Qc1+ 39. Ng1 Be5 40.
Qe7 Qf4 41. Qf8+ Kf6 42. g3 Qe4+ 43. Kh2 Qe1 44. Kg2 Bxg3 45. Qh8+ 1-0

[Event "Sarajevo"]
[Site "Sarajevo"]
[Date "1985.??.??"]
[Round "14"]
[White "Georgiev, Kiril"]
[Black "Velimirovic, Dragoljub"]
[Result "1-0"]
[WhiteElo "2535"]
[BlackElo "2500"]
[PlyCount "73"]
[EventDate "1985.03.??"]
[EventType "tourn"]
[EventRounds "15"]
[EventCountry "YUG"]
[EventCategory "11"]
[Source "ChessBase"]
[SourceDate "1999.07.01"]
[WhiteTeamCountry "ARG"]
[BlackTeamCountry "YUG"]

1. d4 Nf6 2. c4 c5 3. d5 g6 4. Nc3 Bg7 5. e4 O-O 6. Nf3 d6 7. Bd3 e5 8. Bg5 h6
9. Bh4 Qc7 10. O-O Nh5 11. Bc2 Bg4 12. h3 Bd7 13. Rb1 a6 14. Nd2 b5 15. b4 cxb4
16. Rxb4 Qc5 17. Rb1 bxc4 18. Ba4 Qd4 19. Rc1 Bxa4 20. Nxa4 Rc8 21. Qg4 Rc7 22.
Nxc4 Nd7 23. Rfd1 Qa7 24. Nxd6 Bf8 25. Rc6 Ndf6 26. Bxf6 Nxf6 27. Qf3 Kg7 28.
Nc4 Rxc6 29. dxc6 Qc7 30. Ncb6 Qxc6 31. Nxa8 Qxa4 32. Nb6 Qxa2 33. Nd5 Ne8 34.
Qc3 Qa4 35. Qxe5+ f6 36. Qd4 Qc6 37. Ne3 1-0

[Event "Sarajevo"]
[Site "Sarajevo"]
[Date "1985.??.??"]
[Round "15"]
[White "Velimirovic, Dragoljub"]
[Black "Marjanovic, Slavoljub"]
[Result "1/2-1/2"]
[WhiteElo "2500"]
[BlackElo "2505"]
[PlyCount "23"]
[EventDate "1985.03.??"]
[EventType "tourn"]
[EventRounds "15"]
[EventCountry "YUG"]
[EventCategory "11"]
[Source "ChessBase"]
[SourceDate "1999.07.01"]
[WhiteTeamCountry "ARG"]
[BlackTeamCountry "YUG"]

1. Nf3 Nf6 2. g3 g6 3. Bg2 Bg7 4. O-O O-O 5. c4 d6 6. Nc3 Nc6 7. d4 Bg4 8. h3
Bxf3 9. Bxf3 Nd7 10. Bg2 Nxd4 11. Bxb7 Rb8 12. Bg2 1/2-1/2

[Event "YUG-ch"]
[Site "Budva"]
[Date "1986.??.??"]
[Round "?"]
[White "Barlov, Dragan"]
[Black "Velimirovic, Dragoljub"]
[Result "1-0"]
[WhiteElo "2550"]
[BlackElo "2570"]
[PlyCount "79"]
[EventDate "1986.??.??"]
[EventType "swiss"]
[EventRounds "13"]
[EventCountry "YUG"]
[Source "ChessBase"]
[SourceDate "1998.11.10"]
[WhiteTeamCountry "ARG"]
[BlackTeamCountry "YUG"]

1. d4 Nf6 2. Nf3 c5 3. d5 g6 4. c4 Bg7 5. Nc3 d6 6. e4 O-O 7. Bd3 e5 8. h3 Nh5
9. Bg5 f6 10. Be3 f5 11. exf5 gxf5 12. g4 e4 13. gxh5 exd3 14. Rg1 Kh8 15. Rxg7
Kxg7 16. h6+ Kg8 17. Bf4 Rf6 18. Qxd3 Rg6 19. O-O-O a6 20. Qe3 Nd7 21. Bg5 Qf8
22. Nh4 Ne5 23. Nxg6 Nxg6 24. Bf4 b5 25. Qg3 Qf6 26. h4 Kf7 27. h5 Nxf4 28.
Qxf4 Bd7 29. Rg1 Rg8 30. Rxg8 Kxg8 31. Ne4 Qe7 32. Nxd6 Qe1+ 33. Kc2 Qe2+ 34.
Qd2 Qxh5 35. Qe3 Kf8 36. Nb7 Qg4 37. Nxc5 Bc8 38. f4 bxc4 39. d6 Kf7 40. d7 1-0

[Event "YUG-ch"]
[Site "Budva"]
[Date "1986.??.??"]
[Round "?"]
[White "Sahovic, Dragutin"]
[Black "Velimirovic, Dragoljub"]
[Result "1-0"]
[WhiteElo "2405"]
[BlackElo "2570"]
[PlyCount "80"]
[EventDate "1986.??.??"]
[EventType "swiss"]
[EventRounds "13"]
[EventCountry "YUG"]
[Source "ChessBase"]
[SourceDate "1998.11.10"]
[WhiteTeamCountry "ARG"]
[BlackTeamCountry "YUG"]

1. d4 Nf6 2. c4 e6 3. Nf3 c5 4. d5 exd5 5. cxd5 d6 6. Nc3 g6 7. e4 Bg7 8. Bf4
O-O 9. Nd2 Nh5 10. Be3 Nd7 11. Be2 Bd4 12. Nc4 Bxe3 13. Nxe3 Ng7 14. O-O Qe7
15. Qd2 a6 16. a4 f5 17. exf5 gxf5 18. Rfe1 Ne5 19. f4 Ng6 20. Nc4 Qc7 21. a5
Bd7 22. Nb6 Rae8 23. g3 Re7 24. Bf3 Rfe8 25. Rxe7 Rxe7 26. Rc1 Ne8 27. Nd1 Qd8
28. b4 cxb4 29. Qxb4 Rg7 30. Ne3 Qe7 31. Qd4 Nh4 32. Bh1 Bb5 33. Kf2 Nf6 34.
Re1 Ne4+ 35. Bxe4 fxe4 36. Rc1 h6 37. Nc8 Qd7 38. Qf6 Bd3 39. Qe6+ Qxe6 40.
dxe6 Ng6 1-0

[Event "YUG-ch"]
[Site "Budva"]
[Date "1986.??.??"]
[Round "?"]
[White "Velimirovic, Dragoljub"]
[Black "Cebalo, Miso"]
[Result "1-0"]
[WhiteElo "2570"]
[BlackElo "2515"]
[PlyCount "47"]
[EventDate "1986.??.??"]
[EventType "swiss"]
[EventRounds "13"]
[EventCountry "YUG"]
[Source "ChessBase"]
[SourceDate "1998.11.10"]
[WhiteTeamCountry "ARG"]
[BlackTeamCountry "YUG"]

1. e4 c5 2. Nf3 d6 3. d4 cxd4 4. Nxd4 Nf6 5. Nc3 e6 6. Bc4 Be7 7. Bb3 Nc6 8.
Be3 Na5 9. f4 Nxb3 10. axb3 a6 11. Qf3 Qc7 12. g4 h6 13. Rf1 O-O 14. h4 d5 15.
e5 Ne4 16. Nxe4 dxe4 17. Qg3 Bd7 18. f5 Bc5 19. f6 Bxd4 20. Bxd4 Qxc2 21. Rf2
Qd3 22. Be3 Bb5 23. fxg7 Kxg7 24. Qf4 1-0

[Event "YUG-ch"]
[Site "Budva"]
[Date "1986.??.??"]
[Round "?"]
[White "Velimirovic, Dragoljub"]
[Black "Cvitan, Ognjen"]
[Result "0-1"]
[WhiteElo "2570"]
[BlackElo "2495"]
[PlyCount "86"]
[EventDate "1986.??.??"]
[EventType "swiss"]
[EventRounds "13"]
[EventCountry "YUG"]
[Source "ChessBase"]
[SourceDate "1998.11.10"]
[WhiteTeamCountry "ARG"]
[BlackTeamCountry "YUG"]

1. e4 c5 2. Nf3 e6 3. d4 cxd4 4. Nxd4 a6 5. c4 Nf6 6. Nc3 Qc7 7. Bg5 Be7 8. Rc1
Nc6 9. Be2 Nxe4 10. Nxe6 dxe6 11. Nxe4 Bxg5 12. Nxg5 O-O 13. O-O Qe5 14. Qd2
Rd8 15. Qe3 Qxb2 16. Rcd1 Rxd1 17. Rxd1 h6 18. Ne4 e5 19. Nc3 Bf5 20. g4 Be6
21. Rb1 Qa3 22. Bd3 Qe7 23. Qe4 g6 24. Nd5 Bxd5 25. cxd5 Nd4 26. Kg2 Nb5 27.
Bxb5 axb5 28. Rxb5 Rxa2 29. Qe3 Qd7 30. Rb4 Qxd5+ 31. Qf3 Rxf2+ 32. Kxf2 Qd2+
33. Qe2 Qxb4 34. Qxe5 b5 35. Qe8+ Kg7 36. Qe5+ Kh7 37. Qf6 Qd2+ 38. Kg3 Qe1+
39. Kg2 Qe6 40. Qd4 Qc4 41. Qd7 b4 42. h4 Kg7 43. h5 g5 0-1

[Event "YUG-ch"]
[Site "Budva"]
[Date "1986.??.??"]
[Round "?"]
[White "Velimirovic, Dragoljub"]
[Black "Martinovic, Slobodan"]
[Result "1-0"]
[WhiteElo "2570"]
[BlackElo "2425"]
[PlyCount "75"]
[EventDate "1986.??.??"]
[EventType "swiss"]
[EventRounds "13"]
[EventCountry "YUG"]
[Source "ChessBase"]
[SourceDate "1998.11.10"]
[WhiteTeamCountry "ARG"]
[BlackTeamCountry "YUG"]

1. e4 c5 2. Nf3 e6 3. d4 cxd4 4. Nxd4 a6 5. c4 Nf6 6. Nc3 Bb4 7. Bd3 Qc7 8. O-O
Bxc3 9. bxc3 d6 10. f4 e5 11. fxe5 dxe5 12. Nc2 Be6 13. Ne3 Nbd7 14. Ba3 Nc5
15. Nd5 Bxd5 16. cxd5 O-O 17. Rxf6 gxf6 18. Qf3 Nxd3 19. Bxf8 Qxc3 20. Rd1 Kxf8
21. Kf1 Rc8 22. Rxd3 Qb2 23. Rd1 Rc1 24. Rxc1 Qxc1+ 25. Kf2 Qc5+ 26. Qe3 Qb4
27. Qh6+ Ke7 28. Qxh7 Qd2+ 29. Kg3 Qxa2 30. h4 Qb3+ 31. Kh2 a5 32. h5 a4 33. h6
a3 34. Qf5 Qe3 35. d6+ Kxd6 36. Qxf6+ Kd7 37. h7 a2 38. h8=Q 1-0

[Event "YUG-ch"]
[Site "Budva"]
[Date "1986.??.??"]
[Round "?"]
[White "Velimirovic, Dragoljub"]
[Black "Nikolic, Stanimir"]
[Result "1-0"]
[WhiteElo "2570"]
[BlackElo "2355"]
[PlyCount "75"]
[EventDate "1986.??.??"]
[EventType "swiss"]
[EventRounds "13"]
[EventCountry "YUG"]
[Source "ChessBase"]
[SourceDate "1998.11.10"]
[WhiteTeamCountry "ARG"]
[BlackTeamCountry "YUG"]

1. e4 e6 2. d4 d5 3. Nc3 Nc6 4. Nf3 Nf6 5. Bd3 Bb4 6. exd5 exd5 7. O-O Bg4 8.
Re1+ Be7 9. Bb5 O-O 10. Bxc6 bxc6 11. h3 Bxf3 12. Qxf3 h6 13. Bf4 Re8 14. Be5
Nd7 15. Re2 Bd6 16. Bxd6 cxd6 17. Rae1 Rxe2 18. Qxe2 Qb6 19. Qe7 Nf6 20. Qxd6
Rd8 21. Qc5 Qxb2 22. Qxc6 Kh8 23. Nb5 Qxa2 24. Nd6 Rf8 25. Qc7 Kg8 26. Nf5 Kh7
27. Qg3 Rg8 28. Qd3 g6 29. Nd6 Rf8 30. Re7 Ng8 31. Rb7 h5 32. g4 hxg4 33. hxg4
Nf6 34. g5 Ne8 35. Nxe8 Rxe8 36. Qf3 Rf8 37. Qf6 Kg8 38. Rb3 1-0

[Event "YUG-ch"]
[Site "Budva"]
[Date "1986.??.??"]
[Round "?"]
[White "Velimirovic, Dragoljub"]
[Black "Popovic, Petar"]
[Result "1/2-1/2"]
[WhiteElo "2570"]
[BlackElo "2540"]
[PlyCount "68"]
[EventDate "1986.??.??"]
[EventType "swiss"]
[EventRounds "13"]
[EventCountry "YUG"]
[Source "ChessBase"]
[SourceDate "1998.11.10"]
[WhiteTeamCountry "ARG"]
[BlackTeamCountry "YUG"]

1. e4 c5 2. Nf3 d6 3. d4 cxd4 4. Nxd4 Nf6 5. Nc3 Nc6 6. Bc4 e6 7. Be3 a6 8. Bb3
Be7 9. f4 O-O 10. Qf3 Nxd4 11. Bxd4 Qa5 12. f5 exf5 13. O-O fxe4 14. Nxe4 Ng4
15. Qxf7+ Rxf7 16. Rxf7 Ne5 17. Bxe5 dxe5 18. Rxe7+ Kf8 19. Rf7+ Kg8 20. Rf6+
Be6 21. Rxe6 Kh8 22. Rf1 h6 23. c3 Rd8 24. Rf7 Qb5 25. h3 a5 26. Rxh6+ gxh6 27.
Nf6 Qd3 28. Ng4 e4 29. Re7 Rf8 30. Ne5 Qf1+ 31. Kh2 Qf4+ 32. Kg1 Qe3+ 33. Kh2
Qf4+ 34. Kg1 Qe3+ 1/2-1/2

[Event "Yugoslavia "]
[Site "Yugoslavia"]
[Date "1986.??.??"]
[Round "?"]
[White "Cabrilo, Goran"]
[Black "Velimirovic, Dragoljub"]
[Result "1-0"]
[WhiteElo "2435"]
[BlackElo "2570"]
[PlyCount "97"]
[EventDate "1986.??.??"]
[EventType "game"]
[EventCountry "YUG"]
[Source "ChessBase"]
[SourceDate "2009.11.30"]
[WhiteTeamCountry "ARG"]
[BlackTeamCountry "YUG"]

1. e4 e5 2. Nf3 Nc6 3. Bc4 Nf6 4. d3 h6 5. O-O d6 6. Bb3 Bg4 7. c3 Qd7 8. Nbd2
Be7 9. Re1 Nh7 10. Nf1 Ng5 11. Bxg5 hxg5 12. d4 a6 13. Ne3 Bh5 14. Nf5 Bf6 15.
d5 Ne7 16. Ng3 Bg6 17. Ba4 b5 18. Bc2 Rb8 19. Nd2 g4 20. Ndf1 Bg5 21. a4 Ng8
22. axb5 axb5 23. c4 Nf6 24. cxb5 O-O 25. Bd3 Bf4 26. Qc2 Rb7 27. Ra4 Rfb8 28.
Rea1 Qc8 29. Ra7 Nd7 30. b4 Rxa7 31. Rxa7 Rb7 32. Ra5 Nb6 33. Ne2 Bg5 34. Nc3
Qd8 35. Qd1 Qd7 36. Ng3 Rb8 37. Be2 Qd8 38. Bxg4 Bf4 39. Nf1 Nc4 40. Ra2 Ra8
41. Ra6 Nb6 42. g3 Bg5 43. h4 Bh6 44. Qe2 Bh7 45. Ne3 g6 46. Bh3 Qe7 47. Nc4
Rb8 48. Na5 Qf8 49. Ra7 1-0

[Event "Sarajevo"]
[Site "Sarajevo"]
[Date "1986.??.??"]
[Round "10"]
[White "Velimirovic, Dragoljub"]
[Black "Ivkov, Borislav"]
[Result "1/2-1/2"]
[WhiteElo "2575"]
[BlackElo "2525"]
[PlyCount "36"]
[EventDate "1986.04.??"]
[EventType "tourn"]
[EventRounds "12"]
[EventCountry "YUG"]
[EventCategory "12"]
[Source "ChessBase"]
[SourceDate "1996.11.15"]
[WhiteTeamCountry "ARG"]
[BlackTeamCountry "YUG"]

1. e4 e5 2. Nf3 Nc6 3. Bb5 a6 4. Ba4 Nf6 5. O-O Be7 6. Re1 b5 7. Bb3 d6 8. c3
O-O 9. h3 Nd7 10. d4 Nb6 11. Nbd2 Bf6 12. Nf1 Re8 13. Ng3 g6 14. Bh6 a5 15. d5
Nb8 16. a4 bxa4 17. Bxa4 Nxa4 18. Rxa4 c6 1/2-1/2

[Event "Bor"]
[Site "Bor"]
[Date "1986.??.??"]
[Round "1"]
[White "Velimirovic, Dragoljub"]
[Black "Watson, William Nicholas"]
[Result "0-1"]
[WhiteElo "2570"]
[BlackElo "2495"]
[PlyCount "56"]
[EventDate "1986.10.??"]
[EventType "tourn"]
[EventRounds "11"]
[EventCountry "YUG"]
[EventCategory "11"]
[Source "ChessBase"]
[SourceDate "1996.11.15"]
[WhiteTeamCountry "ARG"]
[BlackTeamCountry "YUG"]

1. e4 c5 2. Nf3 d6 3. d4 cxd4 4. Nxd4 Nf6 5. Nc3 g6 6. h4 Nc6 7. h5 Nxh5 8. g4
Nxd4 9. gxh5 Nc6 10. hxg6 fxg6 11. Bh6 Bxh6 12. Rxh6 Qb6 13. Qd2 Bg4 14. Bh3
Ne5 15. Bxg4 Nxg4 16. Rh3 O-O 17. Nd1 Rac8 18. Qd5+ Kh8 19. Rb3 Qa6 20. Qxb7
Qa5+ 21. Rc3 Rxc3 22. bxc3 Qg5 23. Qxa7 Ne5 24. Qd4 Qg1+ 25. Kd2 Qg5+ 26. Ke1
Rf6 27. Qe3 Qg1+ 28. Kd2 Nc4+ 0-1

[Event "Bor"]
[Site "Bor"]
[Date "1986.??.??"]
[Round "2"]
[White "Rogers, Ian"]
[Black "Velimirovic, Dragoljub"]
[Result "1-0"]
[WhiteElo "2515"]
[BlackElo "2570"]
[PlyCount "95"]
[EventDate "1986.10.??"]
[EventType "tourn"]
[EventRounds "11"]
[EventCountry "YUG"]
[EventCategory "11"]
[Source "ChessBase"]
[SourceDate "1996.11.15"]
[WhiteTeamCountry "ARG"]
[BlackTeamCountry "YUG"]

1. e4 c5 2. c4 Nc6 3. Ne2 g6 4. d4 cxd4 5. Nxd4 Bg7 6. Be3 Nf6 7. Nc3 Ng4 8.
Qxg4 Nxd4 9. Qd1 Ne6 10. Rc1 d6 11. g3 h5 12. h4 Bd7 13. Qd2 O-O 14. Bg2 Bc6
15. O-O a5 16. Nd5 Nc5 17. Rfd1 Bxd5 18. exd5 Qb6 19. b3 Rfe8 20. Bf3 Qb4 21.
Qxb4 axb4 22. Rc2 Ra5 23. Re2 b6 24. Kg2 Rea8 25. Rdd2 R8a7 26. Kf1 Bc3 27. Rc2
b5 28. Rxc3 bxc3 29. b4 Rxa2 30. bxc5 dxc5 31. cxb5 Ra1+ 32. Kg2 R7a2 33. b6
Rxe2 34. Bxe2 Rb1 35. Kf3 Rxb6 36. Bd3 Rd6 37. Bc4 Rd7 38. Ke2 Rd8 39. Bf4 f6
40. Bc7 Rd7 41. d6+ Kf8 42. Be6 Rxd6 43. Bxd6 exd6 44. Kd3 Ke7 45. Bd5 g5 46.
Kxc3 gxh4 47. gxh4 f5 48. f4 1-0

[Event "Bor"]
[Site "Bor"]
[Date "1986.??.??"]
[Round "3"]
[White "Velimirovic, Dragoljub"]
[Black "Barlov, Dragan"]
[Result "0-1"]
[WhiteElo "2570"]
[BlackElo "2550"]
[PlyCount "88"]
[EventDate "1986.10.??"]
[EventType "tourn"]
[EventRounds "11"]
[EventCountry "YUG"]
[EventCategory "11"]
[Source "ChessBase"]
[SourceDate "1996.11.15"]
[WhiteTeamCountry "ARG"]
[BlackTeamCountry "YUG"]

1. e4 c5 2. Nf3 Nc6 3. d4 cxd4 4. Nxd4 Qc7 5. Nc3 e6 6. g3 a6 7. Bg2 d6 8. O-O
Bd7 9. Bg5 h6 10. Be3 Nf6 11. h3 Be7 12. f4 Nxd4 13. Qxd4 Bc6 14. a4 O-O 15. a5
d5 16. e5 Nd7 17. Qd2 Bc5 18. Bxc5 Nxc5 19. Qd4 Nd7 20. Rfe1 b6 21. axb6 Nxb6
22. Ra5 Rfb8 23. b3 Nd7 24. Rea1 Bb7 25. R1a2 Rc8 26. Ne2 Nb8 27. Qf2 Nc6 28.
R5a4 a5 29. Nd4 Nb4 30. Ra1 Qb6 31. Rf1 Nxc2 32. Nxc2 Qxb3 33. Nd4 Qxa4 34. f5
Qe8 35. f6 Ba6 36. Ra1 Bd3 37. Qe3 Bg6 38. h4 Qf8 39. Rf1 a4 40. Bh3 a3 41.
fxg7 Qxg7 42. Ra1 a2 43. Nxe6 fxe6 44. Bxe6+ Bf7 0-1

[Event "Bor"]
[Site "Bor"]
[Date "1986.??.??"]
[Round "4"]
[White "Rivas Pastor, Manuel"]
[Black "Velimirovic, Dragoljub"]
[Result "1/2-1/2"]
[WhiteElo "2470"]
[BlackElo "2570"]
[PlyCount "113"]
[EventDate "1986.10.??"]
[EventType "tourn"]
[EventRounds "11"]
[EventCountry "YUG"]
[EventCategory "11"]
[Source "ChessBase"]
[SourceDate "1996.11.15"]
[WhiteTeamCountry "ARG"]
[BlackTeamCountry "YUG"]

1. Nf3 Nf6 2. c4 g6 3. Nc3 Bg7 4. d4 d6 5. e4 c5 6. d5 O-O 7. Bd3 a6 8. O-O b5
9. cxb5 Nbd7 10. a4 axb5 11. Bxb5 Ba6 12. Bd2 Ne8 13. Qc1 Nc7 14. Bxa6 Rxa6 15.
Bh6 Qb8 16. Bxg7 Kxg7 17. Re1 f6 18. Nd2 Rc8 19. b3 Rb6 20. Nd1 Na6 21. Ne3 Rb4
22. Qc3 Rd4 23. Nc2 Nb4 24. Nxd4 cxd4 25. Qxd4 Nc2 26. Qb2 Ne5 27. Rec1 Nd3 28.
Qxc2 Rxc2 29. Rxc2 Qb6 30. Rf1 h5 31. Rc3 Qd4 32. Rc4 Qb2 33. Rd1 Ne5 34. Rcc1
Nd3 35. Rc4 g5 36. a5 Qa2 37. Ra4 Qc2 38. Raa1 Qb2 39. a6 Qd4 40. Nf3 Qxf2+ 41.
Kh1 Qb2 42. Rdb1 Qe2 43. Rf1 h4 44. h3 g4 45. Nxh4 gxh3 46. a7 Qh5 47. a8=Q
Qxh4 48. Qc8 hxg2+ 49. Kxg2 Qg5+ 50. Kh3 Qe3+ 51. Kg2 Qg5+ 52. Kf3 Ne5+ 53. Ke2
Qg2+ 54. Ke3 Qg3+ 55. Ke2 Qg2+ 56. Ke3 Qg3+ 57. Ke2 1/2-1/2

[Event "Bor"]
[Site "Bor"]
[Date "1986.??.??"]
[Round "6"]
[White "Eingorn, Vereslav"]
[Black "Velimirovic, Dragoljub"]
[Result "1/2-1/2"]
[WhiteElo "2570"]
[BlackElo "2570"]
[PlyCount "52"]
[EventDate "1986.10.??"]
[EventType "tourn"]
[EventRounds "11"]
[EventCountry "YUG"]
[EventCategory "11"]
[Source "ChessBase"]
[SourceDate "1996.11.15"]
[WhiteTeamCountry "ARG"]
[BlackTeamCountry "YUG"]

1. d4 Nf6 2. Nf3 c5 3. d5 g6 4. Nc3 Bg7 5. e4 O-O 6. Be2 d6 7. O-O e6 8. Nd2
exd5 9. exd5 Na6 10. Nc4 Nc7 11. Bf4 b5 12. Nxd6 b4 13. Na4 Ncxd5 14. Bg3 Qa5
15. b3 Ba6 16. Bxa6 Qxa6 17. Qf3 Rad8 18. Nc4 Nb6 19. Nxc5 Qc8 20. Nxb6 axb6
21. Nd3 Nh5 22. Rad1 Nxg3 23. hxg3 Qc3 24. Nf4 Qxc2 25. Nd5 Qc5 26. Nf6+ Bxf6
1/2-1/2

[Event "Bor"]
[Site "Bor"]
[Date "1986.??.??"]
[Round "7"]
[White "Velimirovic, Dragoljub"]
[Black "Abramovic, Bosko"]
[Result "1/2-1/2"]
[WhiteElo "2570"]
[BlackElo "2445"]
[PlyCount "130"]
[EventDate "1986.10.??"]
[EventType "tourn"]
[EventRounds "11"]
[EventCountry "YUG"]
[EventCategory "11"]
[Source "ChessBase"]
[SourceDate "1996.11.15"]
[WhiteTeamCountry "ARG"]
[BlackTeamCountry "YUG"]

1. e4 e5 2. Nf3 Nc6 3. Bb5 a6 4. Ba4 Nf6 5. O-O Be7 6. Re1 b5 7. Bb3 d6 8. c3
O-O 9. h3 Na5 10. Bc2 c5 11. d4 Qc7 12. Nbd2 Bd7 13. Nf1 cxd4 14. cxd4 Rac8 15.
Bb1 Rfe8 16. Ng3 g6 17. Bg5 Bd8 18. b3 Nc6 19. d5 Nb4 20. Qd2 a5 21. a3 Na6 22.
b4 Qc3 23. Qxc3 Rxc3 24. Bd2 Rc8 25. Bd3 Ra8 26. Rab1 axb4 27. axb4 Bb6 28. Ra1
Nc7 29. Kf1 Reb8 30. Bc3 Nfe8 31. Nd2 Ng7 32. Nb3 f5 33. Na5 fxe4 34. Bxe4 Nf5
35. Nxf5 gxf5 36. Bc2 Bxa5 37. Rxa5 Rxa5 38. bxa5 b4 39. Bb2 b3 40. Bd3 Bb5 41.
Bxb5 Rxb5 42. Rc1 Na6 43. Rc6 Rxa5 44. Rxd6 Nc5 45. Rb6 Ra2 46. Rb8+ Kf7 47.
Bxe5 Nd3 48. Rb7+ Kg6 49. Rb6+ Kh5 50. Bd4 b2 51. d6 Ra1+ 52. Ke2 Nf4+ 53. Kf3
b1=Q 54. Rxb1 Rxb1 55. Kxf4 Rb5 56. Bf6 Rd5 57. d7 Rxd7 58. Kxf5 Rd5+ 59. Ke6
Rd2 60. g4+ Kg6 61. f4 Re2+ 62. Be5 h5 63. f5+ Kg5 64. f6 Rf2 65. h4+ Kxg4
1/2-1/2